Из первых лет Казанского университета (1805-1819): рассказы по архивным документам Н. Булича; Ч. 2

Podrobná bibliografie
Shrnutí:Текст в русской дореформенной орфографии
Jazyk:ruština
Vydáno: Казань, Типография Императорского Университета, 1891
Témata:
Médium: MixedMaterials Kniha
KOHA link:https://koha.lib.tpu.ru/cgi-bin/koha/opac-detail.pl?biblionumber=355745

MARC

LEADER 00000nam0a2200000 4500
001 355745
005 20231102010827.0
035 |a (RuTPU)RU\TPU\retro\13005 
090 |a 355745 
100 |a 20200710d1891 m y0rusy50 ca 
101 0 |a rus 
102 |a RU 
105 |a y z 001zy 
200 1 |a Из первых лет Казанского университета (1805-1819)  |e рассказы по архивным документам Н. Булича  |e Ч. 2 
210 |a Казань  |c Типография Императорского Университета  |d 1891 
215 |a 807 с. 
300 |a Текст в русской дореформенной орфографии 
320 |a Алфавитный указатель имен: с. 801-805 
320 |a Алфавитный указатель фамилий студентов: с. 806-807 
606 1 |a Университеты  |2 stltpush  |3 (RuTPU)RU\TPU\subj\63052  |9 80100 
610 1 |a Казанский университет 
610 1 |a история 
610 1 |a открытие 
610 1 |a иностранные профессора 
610 1 |a студенты 
610 1 |a нарушения 
610 1 |a проступки 
610 1 |a пьянство 
610 1 |a негативное поведение 
610 1 |a попечительство 
610 1 |a 19 век 
610 1 |a архивные документы 
610 1 |a рассказы 
686 |a Ч484(2)71  |v LBC/SL-A  |2 rubbk 
801 1 |a RU  |b 63413507  |c 20200710 
801 2 |a RU  |b 63413507  |c 20200921  |g RCR 
942 |c BK